| 000 | 00921naa a22002297a 4500 | ||
|---|---|---|---|
| 005 | 20251108174808.0 | ||
| 008 | 250721s1993 xx 000 0 ara d | ||
| 082 | 1 | 4 | _a30/مبد |
| 100 | 1 |
_aالبخيت، محمد عدنان _eمؤلف |
|
| 245 | 1 | 0 | _aالمرافق العامة في منطقة شرقي الأردن : الينابيع و الآبار و البرك و الطواحين و المعاصر / |
| 264 | _c1993. | ||
| 500 | _aيتضمن مستخلص بالإنجليزية | ||
| 650 | 1 | 7 | _aالمرافق |
| 650 | 1 | 7 | _aينابيع المياه |
| 650 | 1 | 7 | _aأسماء الأماكن |
| 650 | 1 | 7 | _aالتاريخ |
| 650 | 1 | 7 | _aالإمبراطورية العثمانية 1922 - 1402 |
| 650 | 1 | 7 | _aالأردن |
| 773 | 0 |
_aمؤته للبحوث و الدراسات :سلسلة العلوم الإنسانية و الإجتماعية _gمج.8 ، ع.1 |
|
| 942 |
_2ddc _cART |
||
| 999 |
_c118256 _d118256 |
||